Cómo comprender los conceptos básicos de la economía (Registro nro. 72223)
[ vista simple ]
| 000 -ENCABEZADO | |
|---|---|
| Número de control [NR] | 00938nam a2200277Ia 4500 |
| 008 - DE LONGITUD FIJA DE DATOS DE ELEMENTOS - INFORMACIÓN GENERAL | |
| Elementos de longitud fija [NR] | 130821s1989 ck a gr spa |
| 020 ## - NUMERO INTERNACIONAL NORMALIZADO PARA LIBROS [R] | |
| Número Internacional Normalizado del libro [NR] | 9580470219 |
| 020 ## - NUMERO INTERNACIONAL NORMALIZADO PARA LIBROS [R] | |
| Número Internacional Normalizado del libro [NR] | 9789580470212 |
| 040 ## - FUENTE DE CATALOGACION [NR] | |
| Agencia de catalogación original [NR] | Co-BoUCM |
| Idioma de catalogación [NR] | spa |
| 041 00 - CODIGO DE IDIOMA [R] | |
| Código de idioma para texto/pista de sonido o título separado [R] | Español |
| 100 1# - ASIENTO PRINCIPAL--NOMBRE PERSONAL [NR] | |
| Nombre personal [NR] | Pool, John Charles |
| ID Autoridad | 168174 |
| 245 10 - MENCION DE TITULO [NR] | |
| Título [NR] | Cómo comprender los conceptos básicos de la economía |
| Mención de responsabilidad, etc. [NR] | John Charles Pool, Ross M. LaRoe ; traducción de Gisela Wulfers de Rosas |
| 260 ## - PUBLICACION, DISTRIBUCION, ETC. (PIE DE IMPRENTA) [R] | |
| Lugar de publicación, distribución, etc. [R] | Bogotá (Colombia) |
| Nombre del editor, distribuidor, etc. [R] | Norma |
| Fecha de publicación, distribución, etc. [R] | 1989 |
| 300 ## - DESCRIPCION FISICA [R] | |
| Extensión [R] | 118 páginas |
| Otros detalles físicos [NR] | ilustraciones |
| 490 #0 - MENCION DE SERIE [R] | |
| Mención de serie [R] | Gerencia |
| 650 04 - ASIENTO SECUNDARIO DE MATERIA - TERMINO TEMATICO [R] | |
| Término temático o nombre geográfico como elemento de entrada [NR] | Capitalismo |
| 9 (RLIN) | 10463 |
| 650 04 - ASIENTO SECUNDARIO DE MATERIA - TERMINO TEMATICO [R] | |
| Término temático o nombre geográfico como elemento de entrada [NR] | Economía |
| 9 (RLIN) | 174 |
| 650 04 - ASIENTO SECUNDARIO DE MATERIA - TERMINO TEMATICO [R] | |
| Término temático o nombre geográfico como elemento de entrada [NR] | Economía |
| Subdivisión general [R] | Historia |
| 9 (RLIN) | 33748 |
| 650 04 - ASIENTO SECUNDARIO DE MATERIA - TERMINO TEMATICO [R] | |
| Término temático o nombre geográfico como elemento de entrada [NR] | Macroeconomía |
| 9 (RLIN) | 18838 |
| 650 04 - ASIENTO SECUNDARIO DE MATERIA - TERMINO TEMATICO [R] | |
| Término temático o nombre geográfico como elemento de entrada [NR] | Microeconomía |
| 9 (RLIN) | 19488 |
| 700 1# - ASIENTO SECUNDARIO - NOMBRE PERSONAL [R] | |
| Nombre personal [NR] | LaRoe, Ross M. |
| 9 (RLIN) | 168175 |
| 700 1# - ASIENTO SECUNDARIO - NOMBRE PERSONAL [R] | |
| Nombre personal [NR] | Wulfers Rosas de, Gisela |
| Término de relación [R] | |
| 9 (RLIN) | 168176 |
| 765 0# - ASIENTO DE IDIOMA ORIGINAL [R] | |
| Título [NR] | The instant economist |
| 942 ## - ELEMENTOS DE ENTRADA AGREGADOS (KOHA) | |
| Tipo de ítem principal el descrito en 300a | Libro |
| Tema principal | Economía |
| Edición | 1 |
| Parte restante de la signatura top. | P821b |
| Sistema de clasificación | DEWEY |
| Clasificación | 330.01 |
| Fecha de último préstamo | Total préstamos | Total Renewals | Signatura topográfica | Código de barras | Última vez visto | Ejemplar | Price effective from | Tipo de ítem | Perdido | Dañado | No prestable | Tipo de ítem específico | Suprimido | Ubicación habitual | Ubicación actual | Localización | Fecha de creación | Forma de adquisición | Costo |
|---|---|---|---|---|---|---|---|---|---|---|---|---|---|---|---|---|---|---|---|
| 15/08/2018 | 17 | 12 | 330.01 P821b | 100112841 | 03/12/2025 | Ej.1 | 03/02/2013 | Libro | Libro | Claustro | Claustro | Mezanine | 28/02/2013 | Compra | 31200.00 |